Návrh postupu hodnotenia finančnej situácie podniku po zlúčení v podmienkach ZF Slovakia, a.s.

Salvato in:
Dettagli Bibliografici
Autore principale: Kubovičová, Klaudia (Autore)
Altri autori: Šnircová, Jana (Relatore della tesi)
Natura: Manoscritto Libro
Lingua:slovacco
Pubblicazione: 2016
Soggetti:
Accesso online:http://is.stuba.sk/zp/portal_zp.pl?podrobnosti=106127
Tags: Aggiungi Tag
Nessun Tag, puoi essere il primo ad aggiungerne!!

MARC

LEADER 00000ntm a22000003a 4500
001 stuzp56391
003 SK-STU
005 20160719155002.2
007 ta
008 150427s2015----xo-----f-mn---000-0-slo-d
040 |a STU  |b slo 
041 0 |a slo 
100 1 |a Kubovičová, Klaudia  |u 064000  |4 aut  |U MTF Materiálovotechnologická fakulta  |T MTF Ústav priemyselného inžinierstva a manažmentu  |X 71839  |U M4000  |Y 84  |7 71839 
242 0 1 |a Proposed evaluation of financial situation of the merger in terms of company ZF Slovakia, inc.  |y eng 
245 1 0 |a Návrh postupu hodnotenia finančnej situácie podniku po zlúčení v podmienkach ZF Slovakia, a.s. 
260 |c 2016 
650 4 |a finančná situácia  |2 slo 
650 4 |a finančná analýza  |2 slo 
650 4 |a finančné pomerové ukazovatele  |2 slo 
650 4 |a financial situation  |2 eng 
650 4 |a financial analysis  |2 eng 
650 4 |a financial comperative indicators  |2 eng 
700 1 |a Šnircová, Jana  |u 064000  |k Z1  |4 ths  |U MTF Materiálovotechnologická fakulta  |T MTF Ústav priemyselného inžinierstva a manažmentu  |X 57371  |U M4000  |Y 84  |7 A000057371 
856 4 |u http://is.stuba.sk/zp/portal_zp.pl?podrobnosti=106127 
996 |c M* BP-7855  |l MMSKP  |s P  |a 0  |w stuzp56391_0001 
SQL |a stuzp56391  |b DBP  |c SLO  |d Návrh postupu hodnotenia finančnej situácie podniku po zlúčení v podmienkach ZF Slovakia, a.s.  |e 71839  |f Kubovičová, Klaudia  |g 064000  |h 57371  |i Šnircová, Jana  |j 20160620  |k 175  |l 06  |m http://is.stuba.sk/zp/portal_zp.pl?podrobnosti=106127  |n B-PMA  |o 5.2.52. priemyselné inžinierstvo